书目信息 |
| 题名: |
大学英语四级考试听力100篇
|
|
| 作者: | 孙倚娜 主编 | |
| 分册: | ||
| 出版信息: | 上海 上海外语教育出版社 1998.07 |
|
| 页数: | 324页 | |
| 开本: | 16开 | |
| 丛书名: | ||
| 单 册: | ||
| 中图分类: | H319.9 | |
| 科图分类: | ||
| 主题词: | 英语 | |
| 电子资源: | ||
| ISBN: | 7-81046-432-9 | |
| 000 | 00594nam0 2200205 45 | |
| 001 | 0005181752 | |
| 005 | 20000518173624.1 | |
| 010 | @a7-81046-432-9@d22.00元 | |
| 100 | @a20000518d1998 km y0chiy0120 ea | |
| 101 | @achi | |
| 105 | @a z 000yy | |
| 200 | 1 | @a大学英语四级考试听力100篇@ADa Xue Ying Yu Si Ji Kao Shi Ting Li 100 Pian@f孙倚娜主编@FSun Yi Na Zhu Bian |
| 205 | @a1 | |
| 210 | @a上海@c上海外语教育出版社@d1998.07 | |
| 215 | @a324页@d16开 | |
| 606 | 0 | @a英语 |
| 690 | @aH319.9@v3 | |
| 701 | @a孙倚娜@4主编 | |
| 801 | @aCN@bPftUser@c20000518 | |
| 905 | @f3@b56007-009@dH319.9@eS569 | |
| 大学英语四级考试听力100篇/孙倚娜主编.-1.-上海:上海外语教育出版社,1998.07 |
| 324页;16开 |
| ISBN 7-81046-432-9:22.00元 |
| ● |
| 相关链接 |
|
|
|
正题名:大学英语四级考试听力100篇
索取号:H319.9/S569
 
预约/预借
| 序号 | 登录号 | 条形码 | 馆藏地/架位号 | 状态 | 备注 |
| 1 | 56007 | 200560071 | 语言库209/209语言库 107排1列6层/ [索取号:H319.9/S569] | 在馆 | |
| 2 | 56008 | 200560080 | 语言库209/209语言库 107排1列6层/ [索取号:H319.9/S569] | 在馆 | |
| 3 | 56009 | 200560099 | 语言库209/209语言库 107排1列6层/ [索取号:H319.9/S569] | 在馆 |